ARRUPE JESUIT UNIVERSITY

CORONAVIRUS -STOP THE SPREAD - CLEAN,DISINFECT,COVER

This sex which is not one / (Record no. 123271)

MARC details
000 -LEADER
fixed length control field 00913cam a2200289 a 4500
001 - CONTROL NUMBER
control field 4260453
003 - CONTROL NUMBER IDENTIFIER
control field ARRUPE
005 - DATE AND TIME OF LATEST TRANSACTION
control field 20150908091457.0
008 - FIXED-LENGTH DATA ELEMENTS--GENERAL INFORMATION
fixed length control field 841026s1985 nyu 000 0 eng
010 ## - LIBRARY OF CONGRESS CONTROL NUMBER
LC control number 84023013
020 ## - INTERNATIONAL STANDARD BOOK NUMBER
International Standard Book Number 0801415462 (alk. paper)
020 ## - INTERNATIONAL STANDARD BOOK NUMBER
International Standard Book Number 0801493315 (pbk.)
040 ## - CATALOGING SOURCE
Original cataloging agency DLC
Transcribing agency DLC
Modifying agency DLC
041 1# - LANGUAGE CODE
Language code of text/sound track or separate title engfre
050 00 - LIBRARY OF CONGRESS CALL NUMBER
Classification number HQ1206
Item number .I713 1985
082 00 - DEWEY DECIMAL CLASSIFICATION NUMBER
Classification number 155.3/33
Edition number 21
300 ## - PHYSICAL DESCRIPTION
Dimensions 23 cm.
100 1# - MAIN ENTRY--PERSONAL NAME
Personal name Irigaray, Luce.
9 (RLIN) 14724
245 10 - TITLE STATEMENT
Title This sex which is not one /
Statement of responsibility, etc Luce Irigaray ; translated by Catherine Porter with Carolyn Burke.
260 ## - PUBLICATION, DISTRIBUTION, ETC. (IMPRINT)
Place of publication, distribution, etc Ithaca, N.Y. :
Name of publisher, distributor, etc Cornell University Press,
Date of publication, distribution, etc 1985.
300 ## - PHYSICAL DESCRIPTION
Extent 223 p. ;
650 #0 - SUBJECT ADDED ENTRY--TOPICAL TERM
Topical term or geographic name as entry element Women
General subdivision Psychology.
9 (RLIN) 19424
650 #0 - SUBJECT ADDED ENTRY--TOPICAL TERM
Topical term or geographic name as entry element Women and psychoanalysis.
9 (RLIN) 19421
650 #0 - SUBJECT ADDED ENTRY--TOPICAL TERM
Topical term or geographic name as entry element Femininity (Philosophy)
9 (RLIN) 19422
650 #0 - SUBJECT ADDED ENTRY--TOPICAL TERM
Topical term or geographic name as entry element Sex (Psychology)
9 (RLIN) 19425
906 ## - LOCAL DATA ELEMENT F, LDF (RLIN)
a 7
b cbc
c orignew
d 1
e ocip
f 19
g y-gencatlg
942 ## - ADDED ENTRY ELEMENTS (KOHA)
Source of classification or shelving scheme Library of Congress Classification
Koha item type Monograph ( Printed materials)
Holdings
Withdrawn status Lost status Source of classification or shelving scheme Damaged status Not for loan Collection code Home library Current library Shelving location Date acquired Total Checkouts Full call number Barcode Date last seen Price effective from Koha item type
    Library of Congress Classification     Main Collection ARRUPE LIBRARY ARRUPE LIBRARY Main Collection 08/09/2015   HQ1206 .I713 1985 46500003928 09/05/2018 08/09/2015 Monograph ( Printed materials)

 

Arrupe Library. PO Box MP320 Mt Pleasant, Harare, Zimbabwe
263 242 745411|librarian@aju.ac.zw